Normal view MARC view

Entry Corporate Name

Number of records used in: 1

001 - CONTROL NUMBER

  • control field: 22578

003 - CONTROL NUMBER IDENTIFIER

  • control field: OSt

005 - DATE AND TIME OF LATEST TRANSACTION

  • control field: 20211105134653.0

008 - FIXED-LENGTH DATA ELEMENTS

  • fixed length control field: 211105|| aca||aabn | a|a d

040 ## - CATALOGING SOURCE

  • Original cataloging agency: OSt
  • Transcribing agency: OSt

110 ## - HEADING--CORPORATE NAME

  • Corporate name or jurisdiction name as entry element: Institute of Electrical and Electronics Engineers

670 ## - SOURCE DATA FOUND

  • Source citation: Work cat.: (OSt): Institute of Electrical and Electronics Engineers International Workshop US 1993 May 10-12 22575, Plasma astrophysics and cosmology, 1995

Powered by Koha